[Event "2. Open Patrimonio de la Humanidad"]
[Site "Alcalá de Henares ESP"]
[Date "2007.10.08"]
[Round "2.23"]
[White "Arribas Lopez, Angel"]
[Black "Tejedor Ariza, Francisco"]
[Result "1-0"]
[WhiteElo "2312"]
[BlackElo "1987"]
[PlyCount "61"]
[EventDate "2007.10.07"]
[EventType "swiss"]
[EventRounds "9"]
[EventCountry "ESP"]
[Source "lmi"]
[SourceDate "2007.10.07"]

1. e4 c5 2. Nf3 e6 3. d3 d5 4. Nbd2 Nc6 5. g3 Bd6 6. Bg2 Nge7 7. O-O O-O 8. Re1
f6 9. c3 b5 10. exd5 exd5 11. a4 Rb8 12. axb5 Rxb5 13. c4 Ra5 14. Rxa5 Nxa5 15.
cxd5 Nxd5 16. d4 c4 17. Ne4 Bb4 18. Bd2 Nb3 19. Bxb4 Nxb4 20. Bf1 Ba6 21. Re3
Qd5 22. Nc3 Qf5 23. Nh4 Qc2 24. Qg4 f5 25. Qg5 Nxd4 26. Re7 Ne6 27. Rxe6 Qxb2
28. Rxa6 Nxa6 29. Bxc4+ Kh8 30. Ng6+ hxg6 31. Qh4# 1-0

[Event "2. Open Patrimonio de la Humanidad"]
[Site "Alcalá de Henares ESP"]
[Date "2007.10.08"]
[Round "2.26"]
[White "Sanchez Rojo, Gustavo"]
[Black "Garcia-Sanchez Navarro, Mariano"]
[Result "1-0"]
[WhiteElo "2257"]
[BlackElo "1577"]
[PlyCount "73"]
[EventDate "2007.10.07"]
[EventType "swiss"]
[EventRounds "9"]
[EventCountry "ESP"]
[Source "lmi"]
[SourceDate "2007.10.07"]

1. e4 e5 2. Nf3 Nc6 3. Bb5 f5 4. Bxc6 dxc6 5. Nc3 Bd6 6. Qe2 f4 7. Nxe5 Nf6 8.
d4 g5 9. Nd3 Be7 10. e5 Ng4 11. h3 Nh6 12. h4 Bg4 13. f3 Be6 14. hxg5 Bxg5 15.
Bxf4 Nf5 16. Bxg5 Qxg5 17. Ne4 Qe3 18. c3 O-O-O 19. g4 Qxe2+ 20. Kxe2 Ne7 21.
Rh6 Bc4 22. b3 Bxd3+ 23. Kxd3 Nd5 24. c4 Nf4+ 25. Ke3 Ng2+ 26. Kf2 Nf4 27. Rd1
Ng6 28. Rd2 Nf4 29. Ke3 Ng6 30. f4 Ne7 31. f5 Ng8 32. Rh5 Ne7 33. Rdh2 Rdg8 34.
Nf6 Rg7 35. Rxh7 Rhxh7 36. Rxh7 Rxh7 37. Nxh7 1-0

[Event "2. Open Patrimonio de la Humanidad"]
[Site "Alcalá de Henares ESP"]
[Date "2007.10.08"]
[Round "2.27"]
[White "Sanchez Rodriguez, Jaime"]
[Black "Pogorelov, Ruslan"]
[Result "0-1"]
[WhiteElo "1933"]
[BlackElo "2411"]
[PlyCount "62"]
[EventDate "2007.10.07"]
[EventType "swiss"]
[EventRounds "9"]
[EventCountry "ESP"]
[Source "lmi"]
[SourceDate "2007.10.07"]

1. d4 Nf6 2. Bg5 e6 3. e4 h6 4. Bxf6 Qxf6 5. Nf3 g5 6. Nc3 d6 7. e5 Qe7 8. Bd3
Bg7 9. Qe2 Nc6 10. Bb5 Bd7 11. h3 O-O-O 12. O-O-O d5 13. Na4 Nb8 14. Bxd7+ Nxd7
15. Qb5 Bf8 16. a3 Qe8 17. Rd3 Nc5 18. Qxe8 Nxd3+ 19. cxd3 Rxe8 20. Kd2 Be7 21.
Rc1 h5 22. g4 hxg4 23. hxg4 b6 24. Nc3 Kb7 25. Ne2 f6 26. Ng3 fxe5 27. dxe5
Ref8 28. Ke3 Rf4 29. Nh5 Rxg4 30. Ng7 Rh6 31. b4 c5 0-1

[Event "2. Open Patrimonio de la Humanidad"]
[Site "Alcalá de Henares ESP"]
[Date "2007.10.08"]
[Round "2.28"]
[White "Suarez Prieto, Leopoldo"]
[Black "Lacrosse, Marc"]
[Result "0-1"]
[WhiteElo "1872"]
[BlackElo "2254"]
[PlyCount "28"]
[EventDate "2007.10.07"]
[EventType "swiss"]
[EventRounds "9"]
[EventCountry "ESP"]
[Source "lmi"]
[SourceDate "2007.10.07"]

1. e4 e5 2. Bc4 Nf6 3. f4 d5 4. exd5 e4 5. Nc3 c6 6. dxc6 Nxc6 7. Nge2 Bc5 8.
Na4 Qe7 9. Bb5 Ng4 10. Bxc6+ bxc6 11. Nxc5 Qxc5 12. d4 exd3 13. Qxd3 Qf2+ 14.
Kd2 Be6 0-1

[Event "2. Open Patrimonio de la Humanidad"]
[Site "Alcalá de Henares ESP"]
[Date "2007.10.08"]
[Round "2.29"]
[White "Rodriguez Yague, Fermin"]
[Black "Rivas Vila, David"]
[Result "0-1"]
[WhiteElo "1778"]
[BlackElo "2241"]
[PlyCount "72"]
[EventDate "2007.10.07"]
[EventType "swiss"]
[EventRounds "9"]
[EventCountry "ESP"]
[Source "lmi"]
[SourceDate "2007.10.07"]

1. e4 c5 2. Nf3 Nc6 3. Nc3 g6 4. d4 cxd4 5. Nxd4 Bg7 6. Be3 Nf6 7. Bc4 Qa5 8.
f3 Qb4 9. Bb3 Nxe4 10. fxe4 Bxd4 11. Bxd4 Nxd4 12. O-O O-O 13. Nd5 Qc5 14. Kh1
Kg7 15. c3 Nc6 16. Qf3 Ne5 17. Qe3 Qxe3 18. Nxe3 b6 19. Rad1 Bb7 20. Bd5 Bc6
21. Rf2 Rac8 22. Bxc6 dxc6 23. Rfd2 Rc7 24. b3 Rb8 25. Kg1 h5 26. h3 Rbb7 27.
Kf2 Rd7 28. Rxd7 Nxd7 29. c4 Nc5 30. Kf3 Kf6 31. b4 Ne6 32. h4 Ke5 33. g4 Nd4+
34. Kg3 Kxe4 35. Re1 Kd3 36. gxh5 gxh5 0-1

[Event "2. Open Patrimonio de la Humanidad"]
[Site "Alcalá de Henares ESP"]
[Date "2007.10.08"]
[Round "2.31"]
[White "Rasskin Friederichs, Ivan"]
[Black "Serafimov, Dimitar"]
[Result "0-1"]
[WhiteElo "1781"]
[BlackElo "2168"]
[PlyCount "82"]
[EventDate "2007.10.07"]
[EventType "swiss"]
[EventRounds "9"]
[EventCountry "ESP"]
[Source "lmi"]
[SourceDate "2007.10.07"]

1. e4 c6 2. Nc3 d5 3. Nf3 g6 4. exd5 cxd5 5. Bb5+ Bd7 6. Bxd7+ Qxd7 7. O-O Bg7
8. d4 Nc6 9. Bf4 Nf6 10. Ne5 Qf5 11. Bg3 O-O 12. Ne2 Rfc8 13. c3 Ne4 14. f3
Nxg3 15. Nxg3 Qf4 16. Nd3 Qd6 17. f4 e6 18. Ne5 b5 19. Nxc6 Rxc6 20. a3 a5 21.
Ne2 Rb8 22. Qd2 b4 23. axb4 axb4 24. Nc1 bxc3 25. bxc3 Qc7 26. Na2 Bf8 27. Rfc1
Rcb6 28. Rc2 Ba3 29. Nc1 Bb2 30. Rb1 Qb7 31. Nd3 Bxc3 32. Rxb6 Bxd4+ 33. Kf1
Qxb6 34. Ke2 Qa6 35. Ra2 Qb5 36. Kf3 Qb1 37. Qe2 Rb3 38. Rd2 Qg1 39. h3 Rb1 40.
Ne5 Rf1+ 41. Kg4 Rf2 0-1

[Event "2. Open Patrimonio de la Humanidad"]
[Site "Alcalá de Henares ESP"]
[Date "2007.10.08"]
[Round "2.35"]
[White "Gomez Gonzalez, Javier"]
[Black "Sierra Bermejo, Gregorio"]
[Result "1/2-1/2"]
[WhiteElo "2085"]
[BlackElo "1802"]
[PlyCount "117"]
[EventDate "2007.10.07"]
[EventType "swiss"]
[EventRounds "9"]
[EventCountry "ESP"]
[Source "lmi"]
[SourceDate "2007.10.07"]

1. g3 Nf6 2. Bg2 g6 3. c4 c5 4. Nf3 Bg7 5. d4 cxd4 6. Nxd4 O-O 7. Nc3 d6 8. O-O
Nbd7 9. e4 a6 10. Qe2 Qc7 11. Nc2 Nb6 12. h3 Be6 13. Re1 Nbd7 14. Nd5 Qd8 15.
Nf4 Rc8 16. Nxe6 fxe6 17. Bg5 e5 18. Rad1 Nc5 19. b4 Ne6 20. Bc1 Qc7 21. Bf1
Rf7 22. c5 dxc5 23. b5 axb5 24. Qxb5 Nd4 25. Nxd4 exd4 26. Bc4 e5 27. a4 b6 28.
Ba3 Ne8 29. Rb1 Nd6 30. Bxf7+ Nxf7 31. Red1 c4 32. Bb4 Qc6 33. Qxc6 Rxc6 34. a5
bxa5 35. Bxa5 Ng5 36. Rb8+ Kf7 37. Rb7+ Kg8 38. Bb4 Rc8 39. Re1 Nf3+ 40. Kf1
Nxe1 41. Kxe1 c3 42. Ke2 c2 43. Bd2 c1=Q 44. Bxc1 Rxc1 45. f4 Rc2+ 46. Kf3 Rc3+
47. Kf2 Re3 48. Rb8+ Bf8 49. fxe5 Rxe4 50. Rd8 Rxe5 51. Kf3 Re3+ 52. Kf4 Rd3
53. h4 h6 54. g4 Kf7 55. Ke4 Rd1 56. h5 gxh5 57. gxh5 Be7 58. Rxd4 Rxd4+ 59.
Kxd4 1/2-1/2

[Event "2. Open Patrimonio de la Humanidad"]
[Site "Alcalá de Henares ESP"]
[Date "2007.10.08"]
[Round "2.37"]
[White "Barez Menendez, Hector"]
[Black "Valencia De Loma, Sergio"]
[Result "1-0"]
[WhiteElo "2169"]
[BlackElo "1713"]
[PlyCount "59"]
[EventDate "2007.10.07"]
[EventType "swiss"]
[EventRounds "9"]
[EventCountry "ESP"]
[Source "lmi"]
[SourceDate "2007.10.07"]

1. Nf3 d5 2. d4 Nc6 3. c4 Nf6 4. cxd5 Nxd5 5. e4 Nb6 6. d5 Na5 7. Bd2 Nac4 8.
Bxc4 Nxc4 9. Qa4+ Bd7 10. Qxc4 e6 11. dxe6 Bxe6 12. Qb5+ c6 13. Qxb7 Qc8 14.
Qxc8+ Rxc8 15. O-O g6 16. Bc3 Rg8 17. Nbd2 f5 18. Ng5 Ke7 19. Rfe1 h6 20. Nxe6
Kxe6 21. exf5+ Kf7 22. f6 Bc5 23. Nc4 Rge8 24. Ne5+ Kxf6 25. Nd7+ Kf7 26. Nxc5
Red8 27. Re3 Rd5 28. Nd3 Kg8 29. Ne5 g5 30. Ng6 1-0

[Event "2. Open Patrimonio de la Humanidad"]
[Site "Alcalá de Henares ESP"]
[Date "2007.10.08"]
[Round "2.40"]
[White "Calderon Rojo, Daniel"]
[Black "Bouthier, Jacques"]
[Result "0-1"]
[WhiteElo "1828"]
[BlackElo "1959"]
[PlyCount "124"]
[EventDate "2007.10.07"]
[EventType "swiss"]
[EventRounds "9"]
[EventCountry "ESP"]
[Source "lmi"]
[SourceDate "2007.10.07"]

1. e4 c5 2. Nf3 Nc6 3. Bb5 g6 4. Bxc6 dxc6 5. d4 cxd4 6. Qxd4 Qxd4 7. Nxd4 Bg7
8. Nb3 Nf6 9. Nc3 O-O 10. O-O b6 11. Bg5 h6 12. Bf4 Be6 13. Be5 c5 14. Nd2 Rfd8
15. Nf3 Rd7 16. Rad1 Rad8 17. Rxd7 Rxd7 18. h3 a6 19. a4 b5 20. Re1 b4 21. Bxf6
exf6 22. Nd1 f5 23. e5 g5 24. Ne3 g4 25. hxg4 fxg4 26. Nh4 Bxe5 27. Nxg4 Bxb2
28. Nxh6+ Kh7 29. N6f5 Rd2 30. Ne3 Bd4 31. Nf3 Bxe3 32. Nxd2 Bxd2 33. Re5 b3
34. cxb3 Bb4 35. Re3 Kg6 36. Kf1 Bd5 37. f3 c4 38. Re5 Be6 39. bxc4 Bxc4+ 40.
Kf2 a5 41. g3 Bb3 42. Ke3 Bxa4 43. f4 Bc6 44. Kd4 f6 45. Re6 Bd7 46. Ra6 Be1
47. Ke4 Bc3 48. Kf3 Bb5 49. Rb6 Bc4 50. g4 Bd4 51. Rd6 Bc5 52. Rd8 a4 53. Rc8
Bd5+ 54. Kg3 Bb4 55. Rb8 Be1+ 56. Kh3 a3 57. g5 a2 58. Rb6 a1=Q 59. Rxf6+ Kg7
60. Kg4 Qd1+ 61. Kf5 Qd3+ 62. Ke5 Qe4+ 0-1

[Event "2. Open Patrimonio de la Humanidad"]
[Site "Alcalá de Henares ESP"]
[Date "2007.10.08"]
[Round "2.42"]
[White "Sierra Soria, Maria"]
[Black "Ortega Morales, Pedro"]
[Result "1/2-1/2"]
[WhiteElo "1660"]
[BlackElo "1944"]
[PlyCount "61"]
[EventDate "2007.10.07"]
[EventType "swiss"]
[EventRounds "9"]
[EventCountry "ESP"]
[Source "lmi"]
[SourceDate "2007.10.07"]

1. c4 Nf6 2. Nc3 c6 3. Nf3 d5 4. cxd5 cxd5 5. d4 e6 6. Bg5 Be7 7. e3 h6 8. Bf4
a6 9. Bd3 Nc6 10. O-O Nh5 11. Be5 Nf6 12. Bf4 O-O 13. h3 Bd6 14. Bxd6 Qxd6 15.
Na4 e5 16. dxe5 Nxe5 17. Nxe5 Qxe5 18. Qc2 b5 19. Nc3 Bb7 20. Rac1 Rac8 21. Qd2
Ne4 22. Nxe4 dxe4 23. Be2 Rfd8 24. Rxc8 Rxc8 25. Bg4 f5 26. Qd7 fxg4 27. Qxb7
Rc2 28. hxg4 Rxb2 29. Qxa6 Qd5 30. a4 bxa4 31. Qxa4 1/2-1/2

[Event "2. Open Patrimonio de la Humanidad"]
[Site "Alcalá de Henares ESP"]
[Date "2007.10.09"]
[Round "3.1"]
[White "Fedorchuk, Sergey A"]
[Black "Barria Zuñiga, Daniel"]
[Result "1/2-1/2"]
[WhiteElo "2645"]
[BlackElo "2427"]
[PlyCount "99"]
[EventDate "2007.10.07"]
[EventType "swiss"]
[EventRounds "9"]
[EventCountry "ESP"]
[Source "lmi"]
[SourceDate "2007.10.07"]

1. e4 c5 2. Nf3 e6 3. d4 cxd4 4. Nxd4 a6 5. Be2 Nf6 6. Nc3 Qc7 7. O-O d6 8. a4
b6 9. f4 Bb7 10. Bf3 Nbd7 11. Kh1 Be7 12. Qe1 O-O 13. g4 Qc4 14. Be3 d5 15. e5
Ne4 16. Nxe4 dxe4 17. Bg2 b5 18. b3 Qc7 19. Bg1 bxa4 20. Rxa4 Nc5 21. Rc4 Bd5
22. Rc3 a5 23. g5 f6 24. gxf6 gxf6 25. Nb5 Qc6 26. Rg3+ Kh8 27. exf6 Bxf6 28.
c4 Nxb3 29. cxd5 Qxb5 30. dxe6 Nc5 31. f5 a4 32. Qe3 a3 33. Qh6 a2 34. Rh3 Qb7
35. Bxc5 a1=Q 36. Bxf8 e3 37. Rg1 e2 38. Bc5 Qab2 39. Qxf6+ Qxf6 40. Bxb7 Ra1
41. Re3 Rxg1+ 42. Kxg1 Qa1+ 43. Kf2 Qf1+ 44. Kg3 e1=Q+ 45. Rxe1 Qxe1+ 46. Bf2
Qe5+ 47. Kh3 Qxf5+ 48. Kg2 Qxe6 49. Bf3 h6 50. h3 1/2-1/2

[Event "2. Open Patrimonio de la Humanidad"]
[Site "Alcalá de Henares ESP"]
[Date "2007.10.09"]
[Round "3.2"]
[White "Valles Moreno, Ivan"]
[Black "Korneev, Oleg"]
[Result "0-1"]
[WhiteElo "2402"]
[BlackElo "2587"]
[PlyCount "66"]
[EventDate "2007.10.07"]
[EventType "swiss"]
[EventRounds "9"]
[EventCountry "ESP"]
[Source "lmi"]
[SourceDate "2007.10.07"]

1. e4 c5 2. Nf3 Nc6 3. Bb5 e6 4. O-O Nge7 5. b3 a6 6. Bxc6 Nxc6 7. Bb2 Qc7 8.
d4 cxd4 9. Nxd4 Bd6 10. Nf3 O-O 11. Nbd2 b5 12. Qe2 Be7 13. Ne1 Bb7 14. a4 b4
15. Qg4 Ne5 16. Qg3 f6 17. Rc1 Rac8 18. f4 Nf7 19. Kh1 d5 20. exd5 Bxd5 21.
Nef3 Nh6 22. Nd4 Bc5 23. N2f3 Nf5 24. Nxf5 exf5 25. Nh4 Be4 26. c3 Qf7 27. cxb4
Bxb4 28. Qe3 a5 29. Nf3 Qd5 30. Rfd1 Rxc1 31. Rxc1 Rd8 32. h3 Bxf3 33. gxf3 Bd2
0-1

[Event "2. Open Patrimonio de la Humanidad"]
[Site "Alcalá de Henares ESP"]
[Date "2007.10.09"]
[Round "3.3"]
[White "Guliyev, Namig"]
[Black "Perez Mitjans, Orelvis"]
[Result "1-0"]
[WhiteElo "2560"]
[BlackElo "2421"]
[PlyCount "57"]
[EventDate "2007.10.07"]
[EventType "swiss"]
[EventRounds "9"]
[EventCountry "ESP"]
[Source "lmi"]
[SourceDate "2007.10.07"]

1. e4 c5 2. Nf3 d6 3. d4 cxd4 4. Nxd4 Nf6 5. Nc3 g6 6. Be2 Bg7 7. O-O Nc6 8.
Be3 O-O 9. Qd2 Bd7 10. f4 Nxd4 11. Bxd4 Bc6 12. Bf3 Qa5 13. a3 Rfd8 14. Kh1 Qc7
15. Rad1 Nd7 16. Bxg7 Kxg7 17. Nd5 Bxd5 18. exd5 f5 19. g4 fxg4 20. Bxg4 Nf6
21. Be6 Rf8 22. f5 Nd7 23. Rf4 Ne5 24. Rh4 h5 25. Rg1 Qc5 26. Qg5 Rf6 27. Rxh5
Rxe6 28. Qh6+ Kf6 29. Rxg6+ 1-0

[Event "2. Open Patrimonio de la Humanidad"]
[Site "Alcalá de Henares ESP"]
[Date "2007.10.09"]
[Round "3.4"]
[White "Serrano Salvador, Eduardo"]
[Black "Kovalyov, Anton"]
[Result "0-1"]
[WhiteElo "2376"]
[BlackElo "2510"]
[PlyCount "86"]
[EventDate "2007.10.07"]
[EventType "swiss"]
[EventRounds "9"]
[EventCountry "ESP"]
[Source "lmi"]
[SourceDate "2007.10.07"]

1. d4 Nf6 2. Nf3 e6 3. c4 b6 4. Bf4 Ba6 5. e3 Be7 6. h3 d5 7. Nbd2 O-O 8. Qa4
Bb7 9. Be2 Nbd7 10. O-O c5 11. cxd5 Nxd5 12. Bg3 a6 13. Rfc1 b5 14. Qd1 cxd4
15. Nxd4 Nc5 16. a3 Qd7 17. b4 Na4 18. Bf3 Rfc8 19. Qf1 Ndb6 20. Bxb7 Qxb7 21.
Rxc8+ Rxc8 22. Rc1 Bf6 23. N2f3 Nc4 24. Ra1 g6 25. Qd1 Rd8 26. Qc2 e5 27. Nb3
Qd5 28. Ra2 Qd1+ 29. Qxd1 Rxd1+ 30. Kh2 e4 31. Nfd4 Bxd4 32. Nxd4 Nc3 33. Rc2
Nd5 34. a4 Nxb4 35. Rc3 Nd5 36. Rc2 Nd2 37. h4 Nf1+ 38. Kh3 Nxg3 39. Kxg3 bxa4
40. Rc6 Nb4 41. Rb6 a5 42. Nc6 a3 43. Nxa5 Rb1 0-1

[Event "2. Open Patrimonio de la Humanidad"]
[Site "Alcalá de Henares ESP"]
[Date "2007.10.09"]
[Round "3.5"]
[White "Dgebuadze, Alexandre"]
[Black "Gongora Reyes, Maikel"]
[Result "1/2-1/2"]
[WhiteElo "2505"]
[BlackElo "2410"]
[PlyCount "94"]
[EventDate "2007.10.07"]
[EventType "swiss"]
[EventRounds "9"]
[EventCountry "ESP"]
[Source "lmi"]
[SourceDate "2007.10.07"]

1. e4 e5 2. Nf3 Nc6 3. Bb5 a6 4. Ba4 Nf6 5. O-O b5 6. Bb3 Bc5 7. c3 d6 8. a4
Rb8 9. Re1 O-O 10. axb5 axb5 11. d3 Ng4 12. Re2 Kh8 13. d4 Bb6 14. h3 Nh6 15.
Bg5 f6 16. Bxh6 gxh6 17. Qd2 Qe8 18. Qxh6 exd4 19. Bd5 Ne5 20. Nxd4 c6 21. Bb3
Bd7 22. Nd2 c5 23. Nf5 Qg6 24. Qxg6 hxg6 25. Ne7 c4 26. Bc2 Ra8 27. Rb1 Ra2 28.
Nf1 Be6 29. Ne3 Bxe3 30. Rxe3 g5 31. Nd5 Bxd5 32. exd5 f5 33. Rg3 g4 34. hxg4
fxg4 35. f3 b4 36. cxb4 c3 37. f4 Rxf4 38. Rxc3 Rxb4 39. Rc8+ Kg7 40. Rf1 Rbxb2
41. Rc7+ Kh6 42. Rh7+ Kg5 43. Be4 Re2 44. Rf5+ Kg6 45. Rxe5+ Rxe4 46. Rxe4 Kxh7
47. Rxg4 Rd2 1/2-1/2

[Event "2. Open Patrimonio de la Humanidad"]
[Site "Alcalá de Henares ESP"]
[Date "2007.10.09"]
[Round "3.6"]
[White "Madina Yadarola, Martin"]
[Black "Suba, Mihai"]
[Result "0-1"]
[WhiteElo "2344"]
[BlackElo "2502"]
[PlyCount "66"]
[EventDate "2007.10.07"]
[EventType "swiss"]
[EventRounds "9"]
[EventCountry "ESP"]
[Source "lmi"]
[SourceDate "2007.10.07"]

1. d4 Nf6 2. Bg5 c6 3. Qd3 d5 4. Nc3 Nbd7 5. Nf3 h6 6. Bf4 e6 7. e3 Be7 8. h3
a6 9. Be2 c5 10. O-O b5 11. Ne5 Bb7 12. Bh2 O-O 13. f4 cxd4 14. exd4 Ne4 15.
Bf3 f5 16. Nd1 Nxe5 17. fxe5 b4 18. Ne3 a5 19. c4 bxc3 20. bxc3 Ba6 21. c4 Bg5
22. Bxe4 dxe4 23. Qc3 Bxe3+ 24. Qxe3 Bxc4 25. Rfc1 Qd5 26. Bf4 Rf7 27. Rc3 g5
28. Qc1 gxf4 29. Rxc4 Rg7 30. Kh2 e3 31. Qf1 Kh7 32. Rac1 Rag8 33. R1c2 Qe4 0-1

[Event "2. Open Patrimonio de la Humanidad"]
[Site "Alcalá de Henares ESP"]
[Date "2007.10.09"]
[Round "3.7"]
[White "Herraiz Hidalgo, Herminio"]
[Black "Serafimov, Tervel"]
[Result "1-0"]
[WhiteElo "2484"]
[BlackElo "2379"]
[PlyCount "103"]
[EventDate "2007.10.07"]
[EventType "swiss"]
[EventRounds "9"]
[EventCountry "ESP"]
[Source "lmi"]
[SourceDate "2007.10.07"]

1. d4 c6 2. Nf3 g6 3. c4 Bg7 4. Nc3 d6 5. e4 Nf6 6. Be2 O-O 7. O-O Na6 8. Re1
e5 9. d5 c5 10. Bg5 h6 11. Bd2 Ne8 12. g3 Kh7 13. Nh4 Bf6 14. Ng2 Bg5 15. f4
Bf6 16. Bd3 Bh3 17. Ne3 exf4 18. gxf4 Bh4 19. Qf3 Nb4 20. Bb1 Bxe1 21. Bxe1 Bc8
22. e5 f5 23. e6 Ng7 24. Ne2 Na6 25. Ng3 Nc7 26. Bd3 b5 27. cxb5 Bb7 28. Ba5
Ngxe6 29. Ngxf5 Nd4 30. Qh3 Nxf5 31. Nxf5 gxf5 32. Bxf5+ Rxf5 33. Qxf5+ Kg8 34.
Qg6+ Kf8 35. Qxh6+ Kf7 36. Qh5+ Kf8 37. Re1 Bxd5 38. Bxc7 Qxc7 39. Qxd5 Rd8 40.
Re3 Qf7 41. Qg5 Rd7 42. Rh3 Qg7 43. Qxg7+ Kxg7 44. Kf2 d5 45. Rh5 Kf6 46. Ke3
d4+ 47. Kd2 c4 48. Rc5 Ke6 49. Rxc4 Kd5 50. Kd3 Rh7 51. Rxd4+ Kc5 52. a4 1-0

[Event "2. Open Patrimonio de la Humanidad"]
[Site "Alcalá de Henares ESP"]
[Date "2007.10.09"]
[Round "3.8"]
[White "Rabadan Velasco, Raul"]
[Black "Krivoshey, Sergei"]
[Result "0-1"]
[WhiteElo "2307"]
[BlackElo "2484"]
[PlyCount "66"]
[EventDate "2007.10.07"]
[EventType "swiss"]
[EventRounds "9"]
[EventCountry "ESP"]
[Source "lmi"]
[SourceDate "2007.10.07"]

1. d4 d5 2. c4 c6 3. Nf3 Nf6 4. Nbd2 Bf5 5. g3 e6 6. Bg2 Nbd7 7. Nh4 Bg4 8. h3
Bh5 9. g4 Ng8 10. gxh5 Qxh4 11. Qb3 Rb8 12. Nf3 Qxh5 13. Bf4 dxc4 14. Qxc4 Qa5+
15. Kf1 Rc8 16. b4 Qa4 17. a3 Ngf6 18. Ng5 Nb6 19. Qa2 Nbd5 20. Bd2 Be7 21. Qb1
Qa6 22. Qb3 Rd8 23. Nf3 O-O 24. Rc1 Nb6 25. Kg1 Qxe2 26. a4 Ne4 27. Be1 Nd6 28.
Bf1 Qe4 29. a5 Nd7 30. Bd3 Qd5 31. Qd1 a6 32. Ne5 Nxe5 33. Rc5 Qxd4 0-1

[Event "2. Open Patrimonio de la Humanidad"]
[Site "Alcalá de Henares ESP"]
[Date "2007.10.09"]
[Round "3.10"]
[White "Moreno Ruiz, Javier"]
[Black "Rubio Mejia, Luis Ignacio"]
[Result "1-0"]
[WhiteElo "2466"]
[BlackElo "2327"]
[PlyCount "75"]
[EventDate "2007.10.07"]
[EventType "swiss"]
[EventRounds "9"]
[EventCountry "ESP"]
[Source "lmi"]
[SourceDate "2007.10.07"]

1. c4 c5 2. Nf3 Nc6 3. Nc3 g6 4. e3 Bg7 5. d4 d6 6. Be2 e6 7. O-O Nge7 8. d5
exd5 9. cxd5 Ne5 10. Nd2 f5 11. f4 Nf7 12. Nc4 a6 13. a4 b6 14. Bd2 O-O 15. Rb1
Bxc3 16. bxc3 Nxd5 17. Bf3 Be6 18. Be1 Nxc3 19. Bxc3 Bxc4 20. Bxa8 Qxa8 21. Rf3
b5 22. Qc1 h6 23. Ba1 Kh7 24. Qc3 Rg8 25. axb5 axb5 26. Bb2 Qe4 27. Ra1 b4 28.
Qf6 Qe6 29. Qxe6 Bxe6 30. Rff1 c4 31. Bd4 Rb8 32. Ra7 c3 33. Rc7 Kg8 34. Ra1
Bd5 35. Ra5 Be4 36. Ba7 Ra8 37. Rb5 c2 38. Bd4 1-0

[Event "2. Open Patrimonio de la Humanidad"]
[Site "Alcalá de Henares ESP"]
[Date "2007.10.09"]
[Round "3.11"]
[White "Iturrizaga, Eduardo"]
[Black "Arribas Lopez, Angel"]
[Result "1/2-1/2"]
[WhiteElo "2435"]
[BlackElo "2312"]
[PlyCount "91"]
[EventDate "2007.10.07"]
[EventType "swiss"]
[EventRounds "9"]
[EventCountry "ESP"]
[Source "lmi"]
[SourceDate "2007.10.07"]

1. e4 c5 2. Nc3 d6 3. f4 Nc6 4. Nf3 g6 5. Bb5 Bg7 6. Bxc6+ bxc6 7. d3 e6 8. O-O
Ne7 9. e5 f5 10. Re1 Nd5 11. Ne2 O-O 12. c4 Nb6 13. b3 Nd7 14. d4 Re8 15. exd6
cxd4 16. Nexd4 e5 17. Nxc6 Qb6+ 18. Nfd4 Bb7 19. Ne7+ Kh8 20. fxe5 Nxe5 21. Ba3
Ng4 22. c5 Qa5 23. Nc2 Be4 24. Bb4 Qb5 25. Rxe4 fxe4 26. Qxg4 Bxa1 27. Qxe4 Bg7
28. a4 Qa6 29. Nd4 Rab8 30. Nb5 Rf8 31. Qh4 Rxb5 32. Nxg6+ Kg8 33. Qc4+ Rf7 34.
Ne7+ Kf8 35. d7 Bd4+ 36. Kh1 Kxe7 37. c6+ Rxb4 38. Qxb4+ Ke6 39. Qe1+ Be5 40.
d8=N+ Ke7 41. Qxe5+ Kxd8 42. Qd6+ Ke8 43. Qb8+ Ke7 44. Qe5+ Kf8 45. Qh8+ Ke7
46. Qe5+ 1/2-1/2

[Event "2. Open Patrimonio de la Humanidad"]
[Site "Alcalá de Henares ESP"]
[Date "2007.10.09"]
[Round "3.12"]
[White "Vazquez Igarza, Renier"]
[Black "Lopez-andujar Ocaña, Antonio"]
[Result "1-0"]
[WhiteElo "2553"]
[BlackElo "2162"]
[PlyCount "93"]
[EventDate "2007.10.07"]
[EventType "swiss"]
[EventRounds "9"]
[EventCountry "ESP"]
[Source "lmi"]
[SourceDate "2007.10.07"]

1. e4 e5 2. Nf3 Nf6 3. Nxe5 d6 4. Nf3 Nxe4 5. Nc3 Nxc3 6. dxc3 Be7 7. Bf4 Nc6
8. Qd2 Bg4 9. O-O-O Qd7 10. Bc4 Be6 11. Bd3 h6 12. Rhe1 a6 13. Qe2 Bf5 14. Bc4
O-O 15. Nd4 Rae8 16. Nxf5 Qxf5 17. Bd2 Qd7 18. Qh5 Ne5 19. Bb3 Bf6 20. Bf4 Qb5
21. Kb1 c5 22. Bd5 Nc4 23. Bxc4 Qxc4 24. Bxd6 Rxe1 25. Rxe1 Rc8 26. Qf5 Rd8 27.
Qxc5 Qg4 28. a3 Qxg2 29. Bg3 Qf3 30. Qe3 Qc6 31. Qe2 Qd5 32. Bf4 Qc6 33. Rg1
Kf8 34. Bc1 Re8 35. Qd3 Rd8 36. Qf5 Rd6 37. Be3 b6 38. h3 Rd5 39. Qg4 Rb5 40.
Kc1 Rd5 41. Qb4+ Be7 42. Qxb6 Qc4 43. Bd4 Bg5+ 44. Kb1 f6 45. h4 Bf4 46. Qb7
Qc7 47. Qxd5 1-0

[Event "2. Open Patrimonio de la Humanidad"]
[Site "Alcalá de Henares ESP"]
[Date "2007.10.09"]
[Round "3.13"]
[White "Mirzoev, Azer"]
[Black "Pascual Palomo, Lucia"]
[Result "1-0"]
[WhiteElo "2545"]
[BlackElo "2104"]
[PlyCount "91"]
[EventDate "2007.10.07"]
[EventType "swiss"]
[EventRounds "9"]
[EventCountry "ESP"]
[Source "lmi"]
[SourceDate "2007.10.07"]

1. d4 e6 2. c4 Nf6 3. Nc3 Bb4 4. Qc2 d5 5. cxd5 exd5 6. a3 Bxc3+ 7. Qxc3 Ne4 8.
Qc2 Qf6 9. e3 c6 10. Nf3 Bf5 11. Bd3 O-O 12. O-O Nd7 13. b3 Nd6 14. a4 a5 15.
Ba3 Bxd3 16. Qxd3 Rfe8 17. Rfc1 Ne4 18. h3 Re6 19. Rab1 Qd8 20. Rc2 Rb8 21. b4
Nb6 22. bxa5 Nc4 23. Bb4 Nxa5 24. Ne5 Re8 25. Rcb2 Rc8 26. Bxa5 Qxa5 27. Rxb7
Qxa4 28. Nxf7 Rf8 29. f3 Rxf7 30. Rxf7 Kxf7 31. fxe4 Kg8 32. e5 Qa7 33. Qf5 Re8
34. Kh2 Qf7 35. Qxf7+ Kxf7 36. Rb7+ Kg6 37. Rc7 Re6 38. g4 Kh6 39. Kg3 g5 40.
Kf3 Kg6 41. e4 dxe4+ 42. Kxe4 h6 43. Rd7 Re8 44. Rd6+ Kg7 45. Rxc6 Rb8 46. Rf6
1-0

[Event "2. Open Patrimonio de la Humanidad"]
[Site "Alcalá de Henares ESP"]
[Date "2007.10.09"]
[Round "3.14"]
[White "Abreu Delgado, Aryam"]
[Black "Valbuena Mota, Alejandro"]
[Result "1-0"]
[WhiteElo "2479"]
[BlackElo "2129"]
[PlyCount "55"]
[EventDate "2007.10.07"]
[EventType "swiss"]
[EventRounds "9"]
[EventCountry "ESP"]
[Source "lmi"]
[SourceDate "2007.10.07"]

1. e4 c5 2. Nf3 d6 3. d4 cxd4 4. Nxd4 Nf6 5. Nc3 a6 6. Be3 e5 7. Nb3 Be6 8. f3
Nbd7 9. Qd2 Be7 10. O-O-O b5 11. Nd5 Bxd5 12. exd5 Nb6 13. Bxb6 Qxb6 14. Na5
O-O 15. Nc6 Rfe8 16. Bd3 Rac8 17. Be4 Nd7 18. g4 Nb8 19. Kb1 Rc7 20. Qd3 g6 21.
h4 Bf8 22. h5 f5 23. gxf5 gxf5 24. Bxf5 Nxc6 25. Bxh7+ Rxh7 26. Qg6+ Rg7 27.
Qxe8 Qb8 28. Qe6+ 1-0